Statistics for Every The 1975 Song

Click here to take the quiz!

General Stats

  • This quiz has been taken 60 times
  • The average score is 64 of 99

Answer Stats

YearAlbumAnswer% Correct
2022Being Funny In A Foreing LanguageI’m in Love With You
100%
2013The 1975Sex
100%
2022Being Funny In A Foreing LanguageAbout You
91%
2016I like it when you sleep, for you are so beautiful yet so unaware of itA Change Of Heart
91%
2013The 1975Me
91%
2017MilkMilk
91%
2013The 1975Robbers
91%
2016I like it when you sleep, for you are so beautiful yet so unaware of itSomebody Else
91%
2013The 1975The 1975
91%
2020Notes On A Conditional FormThe 1975
91%
2018A Brief Inquiry Into Online RelationshipsThe 1975
91%
2016I like it when you sleep, for you are so beautiful yet so unaware of itThe 1975
91%
2022Being Funny In A Foreing LanguageThe 1975
91%
2017By Your SideBy Your Side
82%
2013The 1975Chocolate
82%
2020Notes On A Conditional FormFrail State of Mind
82%
2013The 1975Girls
82%
2022Being Funny In A Foreing LanguageHappiness
82%
2018A Brief Inquiry Into Online RelationshipsI Always Wanna Die (Sometimes)
82%
2020Notes On A Conditional FormIf You're Too Shy (Let Me Know)
82%
2016I like it when you sleep, for you are so beautiful yet so unaware of itI like it when you sleep, for you are so beautiful yet so unaware of it
82%
2022Being Funny In A Foreing LanguageLooking For Somebody (To Love)
82%
2018A Brief Inquiry Into Online RelationshipsLove It If We Made It
82%
2016I like it when you sleep, for you are so beautiful yet so unaware of itLove Me
82%
2016I like it when you sleep, for you are so beautiful yet so unaware of itParis
82%
2020Notes On A Conditional FormPeople
82%
2018A Brief Inquiry Into Online RelationshipsSincerity Is Scary
82%
2018A Brief Inquiry Into Online RelationshipsTOOTIMETOOTIMETOOTIME
82%
2013The 1975You
82%
2018A Brief Inquiry Into Online RelationshipsBe My Mistake
73%
2018A Brief Inquiry Into Online RelationshipsGive Yourself A Try
73%
2018A Brief Inquiry Into Online RelationshipsHow To Draw / Petrichor
73%
2016I like it when you sleep, for you are so beautiful yet so unaware of itIf I Believe You
73%
2016I like it when you sleep, for you are so beautiful yet so unaware of itLoving Someone
73%
2020Notes On A Conditional FormMe & You Together Song
73%
2014MedicineMedicine
73%
2013The 1975Menswear
73%
2016I like it when you sleep, for you are so beautiful yet so unaware of itNana
73%
2022Being Funny In A Foreing LanguageOh Caroline
73%
2020Notes On A Conditional FormRoadkill
73%
2013The 1975Settle Down
73%
2020Notes On A Conditional FormThe Birthday Party
73%
2016I like it when you sleep, for you are so beautiful yet so unaware of itUGH!
73%
2022Being Funny In A Foreing LanguageWhen We Are Together
73%
2020Notes On A Conditional FormYeah I Know
73%
2022Being Funny In A Foreing LanguageAll I Need to Hear
64%
2013The 1975Antichrist
64%
2020Notes On A Conditional FormBagsy Not In Net
64%
2020Notes On A Conditional FormGuys
64%
2013The 1975Head.Cars.Bending
64%
2018A Brief Inquiry Into Online RelationshipsI Couldn't Be More In Love
64%
2018A Brief Inquiry Into Online RelationshipsI Like America & America Likes Me
64%
2013The 1975Is There Somebody Who Can Watch You
64%
2018A Brief Inquiry Into Online RelationshipsIt's Not Living (If It's Not With You)
64%
2016I like it when you sleep, for you are so beautiful yet so unaware of itLostmyhead
64%
2013The 1975M.O.N.E.Y
64%
2018RIP Indo HisashiNarcissist
64%
2022Being Funny In A Foreing LanguagePart of the Band
64%
2016I like it when you sleep, for you are so beautiful yet so unaware of itShe Lays Down
64%
2013The 1975She Way Out
64%
2021SpinningSpinning
64%
2016I like it when you sleep, for you are so beautiful yet so unaware of itThe Ballad of Me and My Brain
64%
2018A Brief Inquiry Into Online RelationshipsThe Man Who Married a Robot / Love Theme
64%
2016I like it when you sleep, for you are so beautiful yet so unaware of itThe Sound
64%
2016I like it when you sleep, for you are so beautiful yet so unaware of itThis Must Be My Dream
64%
2022Being Funny In A Foreing LanguageWintering
64%
2013The 1975Fallingforyou
55%
2013The 1975Heart out
55%
2022Being Funny In A Foreing LanguageHuman Too
55%
2018A Brief Inquiry Into Online RelationshipsInside Your Mind
55%
2020Notes On A Conditional FormJesus Christ 2005 God Bless America
55%
2020Notes On A Conditional FormNothing Revealed / Everything Denied
55%
2013The 1975Pressure
55%
2016I like it when you sleep, for you are so beautiful yet so unaware of itShe's American
55%
2020Notes On A Conditional FormShiny Collarbone
55%
2013The 1975The City
55%
2020Notes On A Conditional FormTonight (I Wish I Was Your Boy)
55%
2018A Brief Inquiry Into Online RelationshipsMine
45%
2013The 1975Talk!
45%
2020Notes On A Conditional FormThe End (Music For Cars)
45%
2013The 1975Undo
45%
2013The 197512
36%
2013The 1975An Encounter
36%
2013The 1975Facedown
36%
2020Notes On A Conditional FormI Think There's Something You Should Know
36%
2016I like it when you sleep, for you are so beautiful yet so unaware of itPlease Be Naked
36%
2013The 1975So Far (It's Alright)
36%
2020Notes On A Conditional FormThen Because She Goes
36%
2013The 1975Woman
36%
2013The 1975Anobrain
27%
2020Notes On A Conditional FormDont Worry
27%
2013The 1975Haunt // Bed
27%
2020Notes On A Conditional FormHaving No Head
27%
2013The 1975HNSCC
27%
2013The 1975Intro / Set3
27%
2020Notes On A Conditional FormPlaying On My Mind
27%
2020Notes On A Conditional FormStreaming
27%
2018A Brief Inquiry Into Online RelationshipsSurrounded By Heads And Bodies
27%
2020Notes On A Conditional FormWhat Should I Say
27%

Score Distribution

Percentile by Number Answered

Percent of People with Each Score

Your Score History

You have not taken this quiz